000 02238cam a2200289 i 4500
001 16504
003 DO-SdUEMH
005 20260116213457.0
007 ta
008 211105s2000 dr |||gr|||| 000 0 spa|d
020 _a9993441015
040 _aDO-SdUEMH
_bspa
_erda
041 _aspa
082 1 4 _mRD
_aRD861.5 A288C 2000
_bA288c
084 _b08-00818
100 _aMorrison, Mateo
_eaut
245 1 0 _aAida Cartagena Portalatín : selección poética
_cMateo Morrison ; introducción: Gladys Gutiérrez, Ivan Brugal, Mateo Morrison ; prólogo: Ángela Hernández Núñez
260 _c2000
264 0 1 _aSanto Domingo :
_c2000
300 _a165 paginas ;
_c23 cm.
336 _2rdacontent
_atexto
_btxt
337 _2rdamedia
_asin mediación
_bn
338 _2rdacarrier
_avolumen
_bnc
505 1 _a Víspera del sueño. Desvelados sentidos -- Meditación -- Sed del dolor -- Tarde en el parque -- Sangre sin nombre -- Sueño de luna -- Llanto de llanto -- Poema de eternidad -- De la ausencia tuya -- Infancia en el recuerdo -- El viento en el amor -- El sol sobre el mundo -- Poema de tu olvido -- Verde la tierra -- Cauce hondo -- Poema de tu voz -- Viento entre las hojas -- Reencuentro del alma y mi vida -- El mar -- De la vida y de la muerte -- Fiesta del regreso -- Mi mundo el mar -- Una mujer está sola. Estación en la tierra -- Estación de la sangre -- Estación del canto -- Mi gozo y mi amargura -- Una mujer está sola -- Que se diga -- No llores mi rostro -- Palabra y expresión -- Rechazo de tu voz -- Soledad de la noche -- Ahora que aún vivo -- Henri Matisse -- Mensaje -- De entero cuerpo -- La voz desatada. Tal vez inútil súplica -- Dos mil años después -- En el sitio final -- Dejar caer mi miedo -- La casa -- Mensaje desatado -- Estremecido anhelo -- Poema sin nombre -- Preocupación por Dios y por los hombres -- Canto para el hombre nuevo -- Al niño valientemente caído en aras de la libertad -- Poema exacto -- Humilde letanía (una voz) -- La escritura. Elegías para las elegías -- Elegía primera -- Elegía segunda -- Elegía tercera -- Elegía cuarta -- Elegía quinta -- Elegía sexta -- Elegía séptima -- Elegía octava -- Elegía novena.
942 _2ddc
_cBK
_n0
999 _c16504
_d16504